000 00925nam a2200253 i 4500
001 16824
003 ES-MaACL
007 t|
008 001113s1988 sp ||||0| spa j ..|
015 _a1990-ENE-466
016 7 _zSAB9000068654
020 _a84-404-1865-5
040 _aM-BN-DP
_bspa
_cM-BN-DP
080 _a37 Tomás y Samper, Rodolfo
100 1 _aMoratinos Iglesias, José F.
_983159
245 1 3 _aEl Pensamiento pedagógico del alicantino Rodolfo Tomás y Samper
_b: (el pedagogo, el profesor, el hombre) /
_cJosé Moratinos Iglesias ; [prólogo, Anselmo Romero Marín].
260 _a[Alicante :
_bJ. Moratinos],
_cD.L. 1988 (
_eAlicante :
_fAyala)
300 _a256 p :
_bil ;
_c22 cm.
500 _aTít. tomado de la cub.
504 _aBibliografía: p. 231-255.
600 1 4 _aTomás y Samper, Rodolfo.
_9110534
700 1 _aRomero Marín, Anselmo.
_999408
852 _aES-MaACL
_jG-3865
_bR.115893
999 _c16824
_d16824